00603nam a2200145 a 450000500170000000800410001702000180005805000180007610000160009424500550011026000660016530000230023152001730025465000300042720140412111319.0000901s19uu xx 00 eng d a0-19-272358-8 aBBbWi72 1998 aPaul, Korky aWinnie the witch /cKorky Paul and Valerie Thomas. aGreat Claredon St., Oxford :bOxford University Press,c1998. a1 v. (unp.) ; ill. aWinnie the Witch lived in a black house. It had black carpets, black chairs, a black bed with black sheets, and black pictures on the walls. It even had a black bath. aWitches stories - Fiction